[Event "DVM U12 2023"]
[Site "Magdeburg GER"]
[Date "2023.12.27"]
[Round "2"]
[White "Meijers, Janis"]
[Black "Thoms, Eric"]
[Result "0-1"]
[Termination "normal"]
[Board "5.2"]
[WhiteElo "1418"]
[BlackElo "1297"]
[WhiteClock "00:28:03"]
[BlackClock "01:27:50"]
[WhiteTeam "SG Solingen"]
[BlackTeam "SV Dresden-Striesen 1990"]
[PlyCount "126"]
[WhiteFideId "34143289"]
[BlackFideId "34623450"]
[EventCountry "GER"]
[EventRounds "7"]
[EventType "team-swiss"]
[EventDate "2023.12.26"]

1. d4 {[%clk 01:30:53]} {[%emt 00:00:06]} d5 {[%clk 01:30:54]} {[%emt
00:00:05]} 2. c4 {[%clk 01:31:19]} {[%emt 00:00:05]} e6 {[%clk 01:31:19]}
{[%emt 00:00:04]} 3. Nc3 {[%clk 01:31:44]} {[%emt 00:00:05]} Nf6 {[%clk
01:31:43]} {[%emt 00:00:06]} 4. cxd5 {[%clk 01:32:10]} {[%emt 00:00:05]} exd5
{[%clk 01:31:51]} {[%emt 00:00:22]} 5. Bg5 {[%clk 01:32:36]} {[%emt 00:00:04]}
Nbd7 {[%clk 01:32:00]} {[%emt 00:00:21]} 6. Nxd5 {[%clk 01:32:17]} {[%emt
00:00:49]} Nxd5 {[%clk 01:32:22]} {[%emt 00:00:07]} 7. Bxd8 {[%clk 01:27:49]}
{[%emt 00:04:58]} Bb4+ {[%clk 01:32:44]} {[%emt 00:00:07]} 8. Qd2 {[%clk
01:28:12]} {[%emt 00:00:08]} Bxd2+ {[%clk 01:33:08]} {[%emt 00:00:06]} 9. Kxd2
{[%clk 01:28:35]} {[%emt 00:00:07]} Kxd8 {[%clk 01:33:31]} {[%emt 00:00:07]}
10. e4 {[%clk 01:28:37]} {[%emt 00:00:29]} N5b6 {[%clk 01:33:03]} {[%emt
00:00:57]} 11. Nf3 {[%clk 01:27:25]} {[%emt 00:01:42]} Nf6 {[%clk 01:33:17]}
{[%emt 00:00:15]} 12. Bd3 {[%clk 01:27:34]} {[%emt 00:00:22]} Bd7 {[%clk
01:33:10]} {[%emt 00:00:36]} 13. Ne5 {[%clk 01:27:44]} {[%emt 00:00:21]} Ke7
{[%clk 01:33:26]} {[%emt 00:00:13]} 14. Nxd7 {[%clk 01:27:35]} {[%emt
00:00:41]} Kxd7 {[%clk 01:33:30]} {[%emt 00:00:25]} 15. Rac1 {[%clk 01:27:40]}
{[%emt 00:00:26]} Rad8 {[%clk 01:33:41]} {[%emt 00:00:19]} 16. d5 {[%clk
01:23:22]} {[%emt 00:04:49]} Kc8 {[%clk 01:33:13]} {[%emt 00:00:57]} 17. f3
{[%clk 01:21:38]} {[%emt 00:02:15]} Kb8 {[%clk 01:31:57]} {[%emt 00:01:45]} 18.
Rc2 {[%clk 01:20:51]} {[%emt 00:01:18]} Rd7 {[%clk 01:32:13]} {[%emt 00:00:13]}
19. Rhc1 {[%clk 01:19:58]} {[%emt 00:01:23]} Rhd8 {[%clk 01:32:23]} {[%emt
00:00:19]} 20. Ke2 {[%clk 01:19:20]} {[%emt 00:01:09]} a6 {[%clk 01:30:27]}
{[%emt 00:02:25]} 21. b3 {[%clk 01:18:29]} {[%emt 00:01:21]} Ne8 {[%clk
01:28:27]} {[%emt 00:02:30]} 22. a4 {[%clk 01:17:56]} {[%emt 00:01:03]} f5
{[%clk 01:28:31]} {[%emt 00:00:26]} 23. a5 {[%clk 01:17:03]} {[%emt 00:01:23]}
fxe4 {[%clk 01:28:28]} {[%emt 00:00:34]} 24. fxe4 {[%clk 01:17:21]} {[%emt
00:00:12]} Nc8 {[%clk 01:28:48]} {[%emt 00:00:10]} 25. b4 {[%clk 01:14:56]}
{[%emt 00:02:56]} Re7 {[%clk 01:27:33]} {[%emt 00:01:45]} 26. Kf3 {[%clk
01:07:44]} {[%emt 00:07:42]} Ncd6 {[%clk 01:27:21]} {[%emt 00:00:40]} 27. Re2
{[%clk 01:06:23]} {[%emt 00:01:52]} Nf7 {[%clk 01:26:58]} {[%emt 00:00:53]} 28.
Kf2 {[%clk 01:03:32]} {[%emt 00:03:21]} Ne5 {[%clk 01:27:11]} {[%emt 00:00:17]}
29. Bb1 {[%clk 01:03:28]} {[%emt 00:00:34]} Nd6 {[%clk 01:27:14]} {[%emt
00:00:26]} 30. Rce1 {[%clk 01:02:33]} {[%emt 00:01:26]} Nb5 {[%clk 01:26:34]}
{[%emt 00:01:10]} 31. h3 {[%clk 01:02:18]} {[%emt 00:00:46]} Nc3 {[%clk
01:26:55]} {[%emt 00:00:08]} 32. Rc2 {[%clk 01:00:38]} {[%emt 00:02:10]} Nxb1
{[%clk 01:26:30]} {[%emt 00:00:55]} 33. Rxb1 {[%clk 01:00:58]} {[%emt
00:00:10]} Rf8+ {[%clk 01:25:56]} {[%emt 00:01:03]} 34. Ke3 {[%clk 01:00:57]}
{[%emt 00:00:32]} Nd7 {[%clk 01:25:40]} {[%emt 00:00:45]} 35. b5 {[%clk
00:56:38]} {[%emt 00:04:50]} axb5 {[%clk 01:25:58]} {[%emt 00:00:12]} 36. Rxb5
{[%clk 00:56:58]} {[%emt 00:00:10]} Rfe8 {[%clk 01:25:50]} {[%emt 00:00:38]}
37. Rcb2 {[%clk 00:54:11]} {[%emt 00:03:17]} Rxe4+ {[%clk 01:26:02]} {[%emt
00:00:18]} 38. Kf3 {[%clk 00:53:07]} {[%emt 00:01:34]} b6 {[%clk 01:24:02]}
{[%emt 00:02:30]} 39. d6 {[%clk 00:44:51]} {[%emt 00:08:46]} c6 {[%clk
01:24:04]} {[%emt 00:00:27]} 40. R5b3 {[%clk 00:43:18]} {[%emt 00:02:04]} b5
{[%clk 01:24:24]} {[%emt 00:00:10]} 41. Rc2 {[%clk 00:42:41]} {[%emt 00:01:06]}
Ra4 {[%clk 01:24:33]} {[%emt 00:00:22]} 42. Kg3 {[%clk 00:39:43]} {[%emt
00:03:28]} Kb7 {[%clk 01:24:37]} {[%emt 00:00:25]} 43. Rbc3 {[%clk 00:38:34]}
{[%emt 00:01:39]} c5 {[%clk 01:24:52]} {[%emt 00:00:15]} 44. Rxc5 {[%clk
00:35:35]} {[%emt 00:03:29]} Nxc5 {[%clk 01:25:03]} {[%emt 00:00:18]} 45. Rxc5
{[%clk 00:36:00]} {[%emt 00:00:06]} Rxa5 {[%clk 01:24:15]} {[%emt 00:01:18]}
46. Rc7+ {[%clk 00:35:08]} {[%emt 00:01:23]} Kb6 {[%clk 01:24:31]} {[%emt
00:00:14]} 47. Rxg7 {[%clk 00:34:20]} {[%emt 00:01:18]} Rd8 {[%clk 01:24:43]}
{[%emt 00:00:16]} 48. Rxh7 {[%clk 00:32:30]} {[%emt 00:02:22]} Rxd6 {[%clk
01:25:06]} {[%emt 00:00:07]} 49. Rh4 {[%clk 00:30:41]} {[%emt 00:02:19]} Rg6+
{[%clk 01:24:41]} {[%emt 00:00:55]} 50. Kf3 {[%clk 00:27:43]} {[%emt 00:03:27]}
Ra3+ {[%clk 01:25:03]} {[%emt 00:00:08]} 51. Kf2 {[%clk 00:26:23]} {[%emt
00:01:51]} Ra2+ {[%clk 01:25:26]} {[%emt 00:00:07]} 52. Kf3 {[%clk 00:26:36]}
{[%emt 00:00:17]} Raxg2 {[%clk 01:25:47]} {[%emt 00:00:09]} 53. Rg4 {[%clk
00:26:00]} {[%emt 00:01:06]} R2xg4 {[%clk 01:26:07]} {[%emt 00:00:10]} 54. hxg4
{[%clk 00:26:26]} {[%emt 00:00:04]} b4 {[%clk 01:26:23]} {[%emt 00:00:13]} 55.
Kf4 {[%clk 00:26:46]} {[%emt 00:00:11]} b3 {[%clk 01:26:46]} {[%emt 00:00:07]}
56. Kf5 {[%clk 00:27:05]} {[%emt 00:00:12]} Rg8 {[%clk 01:27:05]} {[%emt
00:00:10]} 57. g5 {[%clk 00:27:22]} {[%emt 00:00:13]} b2 {[%clk 01:27:30]}
{[%emt 00:00:05]} 58. Kf6 {[%clk 00:27:17]} {[%emt 00:00:36]} b1=Q {[%clk
01:27:48]} {[%emt 00:00:10]} 59. Ke5 {[%clk 00:27:16]} {[%emt 00:00:32]} Rxg5+
{[%emt 00:00:34]} 60. Kf4 {[%clk 00:27:19]} Qf5+ {[%clk 01:28:14]} {[%emt
00:00:25]} 61. Ke3 {[%clk 00:27:38]} {[%emt 00:00:12]} Rg3+ {[%clk 01:27:15]}
{[%emt 00:01:29]} 62. Ke2 {[%clk 00:27:50]} {[%emt 00:00:17]} Qd3+ {[%clk
01:27:31]} {[%emt 00:00:14]} 63. Kf2 {[%clk 00:28:03]} {[%emt 00:00:18]} Re3
{[%clk 01:27:50]} {[%emt 00:00:11]} 0-1

[Event "DVM U12 2023"]
[Site "Magdeburg GER"]
[Date "2023.12.27"]
[Round "2"]
[White "Jahn, Gustav"]
[Black "Shivkumar, Shreyas"]
[Result "1-0"]
[Termination "normal"]
[Board "5.3"]
[WhiteElo "1304"]
[BlackElo "1405"]
[WhiteClock "01:05:42"]
[BlackClock "01:08:58"]
[WhiteTeam "SV Dresden-Striesen 1990"]
[BlackTeam "SG Solingen"]
[PlyCount "137"]
[WhiteFideId "34666605"]
[BlackFideId "34638407"]
[EventCountry "GER"]
[EventRounds "7"]
[EventType "team-swiss"]
[EventDate "2023.12.26"]

1. e4 {[%clk 01:30:55]} {[%emt 00:00:04]} c6 {[%clk 01:30:51]} {[%emt
00:00:10]} 2. d4 {[%clk 01:30:57]} {[%emt 00:00:27]} d5 {[%clk 01:31:03]}
{[%emt 00:00:18]} 3. Nc3 {[%clk 01:31:13]} {[%emt 00:00:14]} dxe4 {[%clk
01:31:26]} {[%emt 00:00:08]} 4. Nxe4 {[%clk 01:31:21]} {[%emt 00:00:22]} Nf6
{[%clk 01:31:34]} {[%emt 00:00:20]} 5. Nxf6+ {[%clk 01:31:07]} {[%emt
00:00:45]} exf6 {[%clk 01:31:52]} {[%emt 00:00:13]} 6. Nf3 {[%clk 01:31:17]}
{[%emt 00:00:19]} Bd6 {[%clk 01:32:13]} {[%emt 00:00:10]} 7. Be2 {[%clk
01:31:19]} {[%emt 00:00:28]} O-O {[%clk 01:32:12]} {[%emt 00:00:32]} 8. O-O
{[%clk 01:31:37]} {[%emt 00:00:11]} Nd7 {[%clk 01:32:10]} {[%emt 00:00:32]} 9.
c4 {[%clk 01:31:05]} {[%emt 00:01:01]} Re8 {[%clk 01:31:59]} {[%emt 00:00:35]}
10. Be3 {[%clk 01:30:43]} {[%emt 00:00:59]} Nf8 {[%clk 01:31:29]} {[%emt
00:01:00]} 11. Qb3 {[%clk 01:30:28]} {[%emt 00:00:44]} f5 {[%clk 01:30:41]}
{[%emt 00:01:18]} 12. Rfe1 {[%clk 01:28:21]} {[%emt 00:02:37]} Qc7 {[%clk
01:30:01]} {[%emt 00:01:11]} 13. c5 {[%clk 01:27:34]} {[%emt 00:01:17]} Bf4
{[%clk 01:29:15]} {[%emt 00:01:15]} 14. Bxf4 {[%clk 01:27:03]} {[%emt
00:01:01]} Qxf4 {[%clk 01:29:39]} {[%emt 00:00:07]} 15. Bc4 {[%clk 01:26:56]}
{[%emt 00:00:37]} Ne6 {[%emt 00:00:54]} 16. Bxe6 {[%clk 01:23:00]} {[%emt
00:04:23]} fxe6 {[%clk 01:24:53]} {[%emt 00:04:56]} 17. Re5 {[%clk 01:21:54]}
{[%emt 00:01:34]} Rb8 {[%clk 01:22:07]} {[%emt 00:03:18]} 18. Qa4 {[%clk
01:20:37]} {[%emt 00:01:47]} a6 {[%clk 01:20:51]} {[%emt 00:01:47]} 19. Qa5
{[%clk 01:19:39]} {[%emt 00:01:25]} Bd7 {[%clk 01:20:11]} {[%emt 00:01:13]} 20.
Qc7 {[%clk 01:19:46]} {[%emt 00:00:21]} Red8 {[%clk 01:19:53]} {[%emt
00:00:49]} 21. Rae1 {[%clk 01:19:24]} {[%emt 00:00:51]} g5 {[%clk 01:19:15]}
{[%emt 00:01:09]} 22. R1e4 {[%clk 01:13:28]} {[%emt 00:06:27]} Qc1+ {[%clk
01:17:35]} {[%emt 00:02:08]} 23. Re1 {[%clk 01:13:49]} {[%emt 00:00:10]} Qf4
{[%clk 01:17:27]} {[%emt 00:00:38]} 24. R1e3 {[%clk 01:12:13]} {[%emt
00:02:06]} g4 {[%clk 01:17:08]} {[%emt 00:00:49]} 25. g3 {[%clk 01:12:17]}
{[%emt 00:00:26]} Qh6 {[%clk 01:17:09]} {[%emt 00:00:30]} 26. Nd2 {[%clk
01:10:54]} {[%emt 00:01:53]} Qg7 {[%clk 01:11:57]} {[%emt 00:05:42]} 27. Nc4
{[%clk 01:09:58]} {[%emt 00:01:25]} Rdc8 {[%clk 01:11:50]} {[%emt 00:00:38]}
28. Qd6 {[%clk 01:09:28]} {[%emt 00:00:58]} Re8 {[%clk 01:11:28]} {[%emt
00:00:53]} 29. Nb6 {[%clk 01:09:34]} {[%emt 00:00:24]} Rbd8 {[%clk 01:11:38]}
{[%emt 00:00:21]} 30. Qc7 {[%clk 01:08:04]} {[%emt 00:01:59]} Bc8 {[%clk
01:11:12]} {[%emt 00:00:56]} 31. Qxg7+ {[%clk 01:08:04]} {[%emt 00:00:29]} Kxg7
{[%clk 01:11:24]} {[%emt 00:00:19]} 32. Nxc8 {[%clk 01:08:13]} {[%emt
00:00:21]} Rxc8 {[%clk 01:11:46]} {[%emt 00:00:07]} 33. Rxe6 {[%clk 01:08:34]}
{[%emt 00:00:09]} Rxe6 {[%clk 01:11:26]} {[%emt 00:00:50]} 34. Rxe6 {[%clk
01:08:48]} {[%emt 00:00:16]} Kf7 {[%clk 01:11:42]} {[%emt 00:00:14]} 35. Rd6
{[%clk 01:08:54]} {[%emt 00:00:24]} Re8 {[%clk 01:11:16]} {[%emt 00:00:55]} 36.
Rd7+ {[%clk 01:08:58]} {[%emt 00:00:28]} Re7 {[%clk 01:11:40]} {[%emt
00:00:06]} 37. Rxe7+ {[%clk 01:08:36]} {[%emt 00:00:52]} Kxe7 {[%clk 01:12:03]}
{[%emt 00:00:07]} 38. Kf1 {[%clk 01:08:52]} {[%emt 00:00:14]} Ke6 {[%clk
01:12:30]} {[%emt 00:00:03]} 39. Ke2 {[%clk 01:09:09]} {[%emt 00:00:13]} Kd5
{[%clk 01:12:50]} {[%emt 00:00:10]} 40. Ke3 {[%clk 01:08:53]} {[%emt 00:00:46]}
Ke6 {[%clk 01:11:59]} {[%emt 00:01:22]} 41. Kf4 {[%clk 01:08:46]} {[%emt
00:00:36]} Kf6 {[%clk 01:11:55]} {[%emt 00:00:33]} 42. a4 {[%clk 01:08:02]}
{[%emt 00:01:15]} a5 {[%clk 01:12:20]} {[%emt 00:00:05]} 43. b3 {[%clk
01:08:18]} {[%emt 00:00:14]} h6 {[%clk 01:12:46]} {[%emt 00:00:04]} 44. f3
{[%clk 01:07:57]} {[%emt 00:00:51]} h5 {[%clk 01:12:05]} {[%emt 00:01:12]} 45.
fxg4 {[%clk 01:08:03]} {[%emt 00:00:23]} hxg4 {[%clk 01:12:21]} {[%emt
00:00:15]} 46. Ke3 {[%clk 01:07:52]} {[%emt 00:00:41]} Ke6 {[%clk 01:12:44]}
{[%emt 00:00:07]} 47. Kd2 {[%clk 01:07:20]} {[%emt 00:01:00]} Kd5 {[%clk
01:12:52]} {[%emt 00:00:23]} 48. Kd3 {[%clk 01:07:33]} {[%emt 00:00:16]} Ke6
{[%clk 01:12:56]} {[%emt 00:00:27]} 49. Kc4 {[%clk 01:07:39]} {[%emt 00:00:24]}
f4 {[%clk 01:11:47]} {[%emt 00:01:40]} 50. gxf4 {[%clk 01:07:56]} {[%emt
00:00:13]} Kf5 {[%clk 01:11:59]} {[%emt 00:00:18]} 51. Kd3 {[%clk 01:05:15]}
{[%emt 00:03:10]} Kxf4 {[%clk 01:12:10]} {[%emt 00:00:19]} 52. Ke2 {[%clk
01:05:27]} {[%emt 00:00:18]} Ke4 {[%clk 01:12:20]} {[%emt 00:00:20]} 53. Kf2
{[%clk 01:05:48]} {[%emt 00:00:09]} Kf4 {[%clk 01:12:40]} {[%emt 00:00:09]} 54.
Kg2 {[%clk 01:05:20]} {[%emt 00:00:59]} Kg5 {[%clk 01:11:50]} {[%emt 00:01:20]}
55. Kg3 {[%clk 01:05:36]} {[%emt 00:00:13]} Kf5 {[%clk 01:10:05]} {[%emt
00:02:16]} 56. Kh4 {[%clk 01:04:54]} {[%emt 00:01:12]} Kf4 {[%clk 01:08:50]}
{[%emt 00:01:45]} 57. Kh5 {[%clk 01:05:04]} {[%emt 00:00:20]} g3 {[%clk
01:08:59]} {[%emt 00:00:21]} 58. hxg3+ {[%clk 01:05:19]} {[%emt 00:00:15]} Kxg3
{[%clk 01:09:27]} {[%emt 00:00:02]} 59. Kg5 {[%clk 01:05:33]} {[%emt 00:00:16]}
Kf3 {[%clk 01:09:51]} {[%emt 00:00:07]} 60. Kf5 {[%clk 01:05:28]} {[%emt
00:00:33]} Ke3 {[%clk 01:09:10]} {[%emt 00:01:12]} 61. Ke5 {[%clk 01:05:14]}
{[%emt 00:00:44]} Kd3 {[%clk 01:09:13]} {[%emt 00:00:27]} 62. d5 {[%clk
01:04:55]} {[%emt 00:00:49]} cxd5 {[%clk 01:08:41]} {[%emt 00:01:03]} 63. Kxd5
{[%clk 01:04:44]} {[%emt 00:00:41]} Kc3 {[%clk 01:08:57]} {[%emt 00:00:14]} 64.
c6 {[%clk 01:04:16]} {[%emt 00:00:58]} bxc6+ {[%clk 01:08:48]} {[%emt
00:00:39]} 65. Kxc6 {[%clk 01:04:39]} {[%emt 00:00:07]} Kxb3 {[%clk 01:08:44]}
{[%emt 00:00:35]} 66. Kb5 {[%clk 01:04:58]} {[%emt 00:00:10]} Kc3 {[%clk
01:08:29]} {[%emt 00:00:45]} 67. Kxa5 {[%clk 01:04:59]} {[%emt 00:00:29]} Kc4
{[%clk 01:08:37]} {[%emt 00:00:23]} 68. Kb6 {[%clk 01:05:22]} {[%emt 00:00:07]}
Kd5 {[%clk 01:08:58]} {[%emt 00:00:08]} 69. a5 {[%clk 01:05:42]} {[%emt
00:00:10]} 1-0

[Event "DVM U12 2023"]
[Site "Magdeburg GER"]
[Date "2023.12.27"]
[Round "2"]
[White "Meijers, Jaroslav"]
[Black "Xu, Wanghan"]
[Result "1/2-1/2"]
[Termination "normal"]
[Board "5.4"]
[WhiteElo "1104"]
[BlackElo "1275"]
[WhiteClock "00:10:07"]
[BlackClock "01:01:00"]
[WhiteTeam "SG Solingen"]
[BlackTeam "SV Dresden-Striesen 1990"]
[PlyCount "146"]
[WhiteFideId "34143297"]
[BlackFideId "34608745"]
[EventCountry "GER"]
[EventRounds "7"]
[EventType "team-swiss"]
[EventDate "2023.12.26"]

1. d4 {[%clk 01:30:21]} {[%emt 00:00:38]} Nf6 {[%clk 01:30:50]} {[%emt
00:00:10]} 2. c4 {[%clk 01:28:19]} {[%emt 00:02:31]} e6 {[%clk 01:30:57]}
{[%emt 00:00:24]} 3. Nc3 {[%clk 01:27:45]} {[%emt 00:01:04]} b6 {[%clk
01:28:18]} {[%emt 00:03:09]} 4. Nf3 {[%clk 01:19:08]} {[%emt 00:09:07]} Bb7
{[%clk 01:27:38]} {[%emt 00:01:09]} 5. Bg5 {[%clk 01:18:49]} {[%emt 00:00:49]}
Be7 {[%clk 01:26:12]} {[%emt 00:01:55]} 6. e3 {[%clk 01:16:17]} {[%emt
00:03:03]} h6 {[%clk 01:25:52]} {[%emt 00:00:50]} 7. Bh4 {[%clk 01:08:55]}
{[%emt 00:07:52]} d5 {[%clk 01:23:24]} {[%emt 00:02:57]} 8. cxd5 {[%clk
01:06:25]} {[%emt 00:03:01]} Nxd5 {[%clk 01:23:16]} {[%emt 00:00:38]} 9. Bxe7
{[%clk 01:05:40]} {[%emt 00:01:15]} Nxe7 {[%clk 01:23:02]} {[%emt 00:00:44]}
10. Be2 {[%clk 00:58:55]} {[%emt 00:07:16]} O-O {[%clk 01:22:27]} {[%emt
00:01:04]} 11. O-O {[%clk 00:57:40]} {[%emt 00:01:45]} Nd7 {[%clk 01:20:33]}
{[%emt 00:02:23]} 12. Qc2 {[%clk 00:42:02]} {[%emt 00:16:09]} Nf6 {[%clk
01:20:08]} {[%emt 00:00:55]} 13. Rad1 {[%clk 00:40:18]} {[%emt 00:02:14]} Ng6
{[%clk 01:16:41]} {[%emt 00:03:57]} 14. Rd2 {[%clk 00:36:37]} {[%emt 00:04:10]}
Qe7 {[%clk 01:16:21]} {[%emt 00:00:49]} 15. Rfd1 {[%clk 00:33:07]} {[%emt
00:04:01]} Rfd8 {[%clk 01:15:57]} {[%emt 00:00:54]} 16. e4 {[%clk 00:22:35]}
{[%emt 00:11:03]} Rac8 {[%clk 01:12:17]} {[%emt 00:04:09]} 17. d5 {[%clk
00:17:02]} {[%emt 00:06:04]} exd5 {[%clk 01:10:52]} {[%emt 00:01:55]} 18. Nxd5
{[%clk 00:10:18]} {[%emt 00:07:14]} Nxd5 {[%clk 01:10:16]} {[%emt 00:01:06]}
19. exd5 {[%clk 00:10:28]} {[%emt 00:00:19]} Nf4 {[%clk 01:08:21]} {[%emt
00:02:26]} 20. Bc4 {[%clk 00:09:11]} {[%emt 00:01:47]} Qf6 {[%clk 01:06:11]}
{[%emt 00:02:39]} 21. Qc3 {[%clk 00:04:47]} {[%emt 00:04:54]} Qg6 {[%clk
01:03:38]} {[%emt 00:03:03]} 22. Nh4 {[%clk 00:02:23]} {[%emt 00:02:55]} Qg5
{[%clk 01:01:59]} {[%emt 00:02:09]} 23. Qg3 {[%emt 00:00:35]} Qf6 {[%clk
01:00:25]} {[%emt 00:02:02]} 24. Nf3 {[%clk 00:00:55]} {[%emt 00:01:55]} Rd6
{[%clk 00:59:05]} {[%emt 00:01:50]} 25. Rd4 {[%clk 00:00:33]} {[%emt 00:00:52]}
Ng6 {[%clk 00:58:26]} {[%emt 00:01:08]} 26. Nh4 {[%clk 00:00:38]} {[%emt
00:00:26]} Re8 {[%clk 00:56:59]} {[%emt 00:01:56]} 27. Nxg6 {[%clk 00:00:51]}
{[%emt 00:00:17]} Qxg6 {[%clk 00:57:15]} {[%emt 00:00:14]} 28. Qxg6 {[%clk
00:00:42]} {[%emt 00:00:39]} Rxg6 {[%clk 00:57:31]} {[%emt 00:00:14]} 29. g3
{[%clk 00:00:42]} {[%emt 00:00:31]} Rd6 {[%clk 00:57:34]} {[%emt 00:00:27]} 30.
f4 {[%clk 00:00:40]} {[%emt 00:00:32]} Red8 {[%clk 00:57:37]} {[%emt 00:00:26]}
31. R4d3 {[%clk 00:00:47]} {[%emt 00:00:24]} a6 {[%clk 00:57:23]} {[%emt
00:00:43]} 32. a4 {[%clk 00:01:04]} {[%emt 00:00:14]} Re8 {[%clk 00:56:29]}
{[%emt 00:01:23]} 33. Kf2 {[%clk 00:01:21]} {[%emt 00:00:14]} Bc8 {[%clk
00:55:44]} {[%emt 00:01:14]} 34. Rd4 {[%clk 00:01:07]} {[%emt 00:00:45]} Kf8
{[%clk 00:54:56]} {[%emt 00:01:18]} 35. Kf3 {[%clk 00:01:18]} {[%emt 00:00:19]}
Rg6 {[%clk 00:52:56]} {[%emt 00:02:30]} 36. Kf2 {[%clk 00:01:23]} {[%emt
00:00:26]} Rd6 {[%clk 00:53:14]} {[%emt 00:00:11]} 37. Kf3 {[%clk 00:01:44]}
{[%emt 00:00:07]} a5 {[%clk 00:52:33]} {[%emt 00:01:13]} 38. Rc1 {[%clk
00:01:30]} {[%emt 00:00:44]} Re7 {[%clk 00:50:09]} {[%emt 00:02:54]} 39. Bb5
{[%clk 00:01:14]} {[%emt 00:00:46]} Bb7 {[%clk 00:48:52]} {[%emt 00:01:47]} 40.
Bc6 {[%clk 00:01:32]} {[%emt 00:00:13]} Ba6 {[%clk 00:49:02]} {[%emt 00:00:20]}
41. Rd2 {[%clk 00:01:42]} {[%emt 00:00:20]} g6 {[%clk 00:48:23]} {[%emt
00:01:08]} 42. b3 {[%clk 00:01:29]} {[%emt 00:00:43]} Kg7 {[%clk 00:48:12]}
{[%emt 00:00:41]} 43. h3 {[%clk 00:01:00]} {[%emt 00:01:00]} Kf6 {[%clk
00:48:32]} {[%emt 00:00:09]} 44. h4 {[%clk 00:00:56]} {[%emt 00:00:34]} Bc8
{[%clk 00:47:36]} {[%emt 00:01:26]} 45. g4 {[%clk 00:00:40]} {[%emt 00:00:47]}
Kg7 {[%clk 00:47:06]} {[%emt 00:01:00]} 46. h5 {[%clk 00:28:34]} {[%emt
00:02:35]} g5 {[%clk 01:15:57]} {[%emt 00:01:39]} 47. f5 {[%clk 00:28:17]}
{[%emt 00:00:48]} Ba6 {[%clk 01:15:52]} {[%emt 00:00:34]} 48. Rdc2 {[%clk
00:26:34]} {[%emt 00:02:14]} Bd3 {[%clk 01:15:31]} {[%emt 00:00:50]} 49. Rc3
{[%clk 00:26:56]} {[%emt 00:00:08]} Be4+ {[%clk 01:15:44]} {[%emt 00:00:17]}
50. Kf2 {[%clk 00:27:08]} {[%emt 00:00:19]} Bxd5 {[%clk 01:15:26]} {[%emt
00:00:48]} 51. Bxd5 {[%clk 00:26:16]} {[%emt 00:01:22]} Rxd5 {[%clk 01:15:48]}
{[%emt 00:00:08]} 52. Rxc7 {[%clk 00:26:28]} {[%emt 00:00:17]} Rxc7 {[%clk
01:16:11]} {[%emt 00:00:07]} 53. Rxc7 {[%clk 00:26:54]} {[%emt 00:00:05]} Rd3
{[%clk 01:16:32]} {[%emt 00:00:08]} 54. Rc6 {[%clk 00:27:15]} {[%emt 00:00:10]}
Rxb3 {[%clk 01:10:32]} {[%emt 00:06:30]} 55. f6+ {[%clk 00:27:26]} {[%emt
00:00:18]} Kh7 {[%clk 01:10:56]} {[%emt 00:00:06]} 56. Rc7 {[%clk 00:26:34]}
{[%emt 00:01:23]} Rb4 {[%clk 01:10:27]} {[%emt 00:00:59]} 57. Rxf7+ {[%clk
00:25:43]} {[%emt 00:01:21]} Kg8 {[%clk 01:10:48]} {[%emt 00:00:08]} 58. Rg7+
{[%clk 00:23:48]} {[%emt 00:02:25]} Kf8 {[%clk 01:11:08]} {[%emt 00:00:10]} 59.
Rg6 {[%clk 00:22:05]} {[%emt 00:02:14]} Rxa4 {[%clk 01:10:50]} {[%emt
00:00:48]} 60. Rxh6 {[%clk 00:21:58]} {[%emt 00:00:36]} Rxg4 {[%clk 01:10:20]}
{[%emt 00:01:02]} 61. Rh8+ {[%clk 00:15:42]} {[%emt 00:06:45]} Kf7 {[%clk
01:10:32]} {[%emt 00:00:18]} 62. Rb8 {[%clk 00:15:38]} {[%emt 00:00:34]} Rf4+
{[%clk 01:10:42]} {[%emt 00:00:20]} 63. Kg3 {[%clk 00:15:55]} {[%emt 00:00:14]}
Rxf6 {[%clk 01:08:58]} {[%emt 00:02:14]} 64. Kg4 {[%clk 00:16:10]} {[%emt
00:00:15]} Rc6 {[%clk 01:01:37]} {[%emt 00:07:51]} 65. Kxg5 {[%clk 00:15:21]}
{[%emt 00:01:19]} Rc5+ {[%clk 01:01:32]} {[%emt 00:00:34]} 66. Kh6 {[%clk
00:14:41]} {[%emt 00:01:11]} Rc6+ {[%clk 01:00:56]} {[%emt 00:01:05]} 67. Kh7
{[%clk 00:13:30]} {[%emt 00:01:41]} a4 {[%clk 01:00:33]} {[%emt 00:00:54]} 68.
h6 {[%clk 00:12:08]} {[%emt 00:01:53]} Rc7 {[%clk 00:59:33]} {[%emt 00:01:29]}
69. Rxb6 {[%clk 00:11:25]} {[%emt 00:01:13]} a3 {[%clk 00:59:51]} {[%emt
00:00:12]} 70. Ra6 {[%clk 00:11:03]} {[%emt 00:00:52]} a2 {[%clk 00:59:51]}
{[%emt 00:00:30]} 71. Kh8 {[%clk 00:10:02]} {[%emt 00:01:31]} Rc8+ {[%clk
01:00:13]} {[%emt 00:00:08]} 72. Kh7 {[%clk 00:10:22]} {[%emt 00:00:10]} Rc7
{[%clk 01:00:38]} {[%emt 00:00:04]} 73. Rxa2 {[%clk 00:10:07]} {[%emt
00:00:45]} 1/2-1/2